| 000 | 00456nam a2200217Ia 4500 | ||
|---|---|---|---|
| 003 | IT-RoPAU | ||
| 008 | 120407s9999 xx 000 0 und d | ||
| 040 | _aIT-RoPAU | ||
| 040 | _cIT-RoPAU | ||
| 041 | _alat | ||
| 100 | _aSebastianus Fraghi | ||
| 245 | _aDe membris Ecclesiae. | ||
| 250 | _aRoma | ||
| 260 | _aOfficium Libri Catholici | ||
| 260 | _c1937 | ||
| 300 | _a122 p. | ||
| 300 | _c24 cm | ||
| 490 | _v1 | ||
| 942 | _cBK | ||
| 999 |
_c24792 _d24792 |
||